| 000 | 01958cam a2200373 4500 | ||
|---|---|---|---|
| 001 | L135350 | ||
| 008 | 061017n2007 000 0 eng u | ||
| 020 |
_a1846610419 _a9781846610417 |
||
| 035 | _a(Sirsi) u135350 | ||
| 041 | 0 | _aeng | |
| 050 | 0 | 4 | _a346.4104342 $2 18 |
| 100 | _aFreedman, Philip | ||
| 245 |
_aService charges _blaw and practice |
||
| 260 |
_aBristol _bJordans _c2007 |
||
| 300 |
_axxx, 405p. _c25cm. |
||
| 350 | _a45 | ||
| 505 | 2 | _aMatters applicable to commercial and residential leases -- Special rules for residential lettings -- Value Added Tax -- Reserve funds and sinking funds -- Service charges: freehold and commonhold properties -- Statutory obligations -- Commercial codes of practice -- Appendices | |
| 520 | _aThe fourth edition of this standard guide to the legal framework surrounding service charges. Includes the latest regulations under the Commonhold and Leasehold Reform Act 2002 and those relating to works involving asbestos, disability and fire precautions. Also provides case law and developments on reasonableness, repairs and renewals, insurance premiums, management fees and VAT. Makes detailed reference to "Service charges in commercial property: RICS code of practice" (L137197). | ||
| 520 | _aSupersedes third edition (ISBN 0853087105). | ||
| 590 | _aKA | ||
| 650 | 2 | 4 | _aCOMMONHOLD AND LEASEHOLD REFORM ACT 2002 |
| 650 | 2 | 4 | _aLANDLORD AND TENANT ACT 1985 |
| 650 | 2 | 4 | _aLANDLORD AND TENANT ACT 1987 |
| 650 | 2 | 4 | _aLEASEHOLD REFORM, HOUSING AND URBAN DEVELOPMENT ACT 1993 |
| 650 | 2 | 4 | _aHOUSING ACT 1996 |
| 650 | 2 | 4 | _aVALUE ADDED TAX |
| 650 | 2 | 4 | _aRICS CODE OF PRACTICE: SERVICE CHARGES IN COMMERCIAL PROPERTY |
| 651 | 4 |
_aEngland and Wales _y1543- |
|
| 690 | _aPROPERTY-LANDLORD AND TENANT-SERVICE CHARGES | ||
| 690 | _aPROPERTY-COMMERCIAL PROPERTY-COMMERCIAL LANDLORD AND TENANT-COMMERCIAL SERVICE CHARGES | ||
| 700 | 1 | _aShapiro, Eric | |
| 700 | 1 | _aSlater, Brian | |
| 942 | _n0 | ||
| 999 |
_c106017 _d106017 |
||